[Event "Biel MTO op 48th"]
[Site "Biel"]
[Date "2015.07.25"]
[Round "6"]
[White "Bigg, Andrew J"]
[Black "Romanishin, Oleg M"]
[Result "0-1"]
[WhiteElo "2313"]
[BlackElo "2475"]
[PlyCount "54"]
[EventDate "2015.07.20"]
[EventType "swiss"]
[EventRounds "11"]
[EventCountry "SUI"]
[SourceTitle "CBM 167 Extra"]
[Source "ChessBase"]
[SourceDate "2015.09.14"]
[SourceVersion "1"]
[SourceVersionDate "2015.09.14"]
[SourceQuality "1"]

1. d4 Nf6 2. Bg5 d5 3. e3 Nbd7 4. Nd2 g6 5. Ngf3 Bg7 6. Bd3 c5 7. c3 0-0 8. 0-0 Qb6 9. Rb1 e5 10. dxe5 Ng4 11. e4 Ndxe5 12. Nxe5 Nxe5 13. Bc2 d4 14. Bb3 Bg4 15. f3 Be6 16. Bxe6 Qxe6 17. cxd4 cxd4 18. Qb3 Qd7 19. f4 Ng4 20. f5 Rfe8 21. Qh3 Ne5 22. Qh4 Rac8 23. Nf3 d3 24. f6 Bf8 25. Bh6 Nxf3+ 26. gxf3 Bxh6 27. Qxh6 Qd4+ 0-1

[Event "Davos op 11th"]
[Site "Davos"]
[Date "2013.08.06"]
[Round "1"]
[White "Seiler, Erik"]
[Black "Bigg, Andrew J"]
[Result "0-1"]
[WhiteElo "1947"]
[BlackElo "2314"]
[PlyCount "78"]
[EventDate "2013.08.06"]
[EventType "swiss"]
[EventRounds "5"]
[EventCountry "SUI"]
[SourceTitle "CBM 155 Extra"]
[Source "ChessBase"]
[SourceDate "2013.08.26"]
[SourceVersion "1"]
[SourceVersionDate "2013.08.26"]
[SourceQuality "1"]

1. e4 e6 2. d3 d5 3. Nd2 Nf6 4. Ngf3 Nc6 5. g3 dxe4 6. dxe4 e5 7. Bg2 Bc5 8. 0-0 Qe7 9. c3 a5 10. a4 0-0 11. Qc2 Rd8 12. Nc4 b6 13. h3 Ba6 14. b3 Bxc4 15. bxc4 h6 16. Nh4 Qd7 17. Ba3 Bxa3 18. Rxa3 Qd3 19. Qxd3 Rxd3 20. Nf5 Rad8 21. Rfa1 Rd1+ 22. Kh2 Rxa1 23. Rxa1 Rd3 24. Rc1 Rd2 25. f3 Ra2 26. Ne3 Rxa4 27. Rc2 Ra1 28. Bf1 Nd4 29. Rf2 Ne6 30. Rc2 a4 31. Kg2 a3 32. Nd5 a2 33. Nb4 Rxf1 34. Nxa2 Rd1 35. Nb4 Ne8 36. Nc6 f6 37. Ne7+ Kf7 38. Nf5 Nd6 39. Ne3 Ra1 0-1

[Event "Brighton e2e4 Masters"]
[Site "Brighton"]
[Date "2012.02.19"]
[Round "9"]
[White "Willmoth, Robert"]
[Black "Bigg, Andrew J"]
[Result "1-0"]
[WhiteElo "2154"]
[BlackElo "2304"]
[PlyCount "87"]
[EventDate "2012.02.15"]
[EventType "tourn"]
[EventRounds "9"]
[EventCountry "ENG"]
[EventCategory "2"]
[SourceTitle "CBM 147 Extra"]
[Source "ChessBase"]
[SourceDate "2012.04.24"]
[SourceVersion "1"]
[SourceVersionDate "2012.04.24"]
[SourceQuality "1"]

1. Nf3 e6 2. b3 Nf6 3. Bb2 b5 4. g3 Bb7 5. Bg2 c5 6. 0-0 Be7 7. e3 0-0 8. d4 d6 9. c4 Nbd7 10. Nc3 Ne4 11. Qc2 Nxc3 12. Bxc3 Qc7 13. Rfd1 Rad8 14. Rac1 Nf6 15. d5 e5 16. e4 Bc8 17. Nd2 Ne8 18. f4 Bf6 19. Nf3 Bg4 20. Rf1 Bxf3 21. Bxf3 g6 22. f5 Bg5 23. Rce1 gxf5 24. exf5 f6 25. h4 Bh6 26. g4 Rd7 27. Rf2 Rg7 28. Rg2 Qe7 29. Be4 Kh8 30. Kh1 Rfg8 31. Qe2 Qf8 32. Reg1 Qe7 33. g5 Bxg5 34. hxg5 fxg5 35. Bd2 h6 36. Rh2 Qf6 37. Rg3 Rh7 38. Rgh3 Kg7 39. Bxg5 Qxg5 40. Rg2 Kf6 41. Rxg5 Rxg5 42. Qh2 h5 43. Bf3 Ng7 44. Rg3 1-0

[Event "SUI-ch op"]
[Site "Lenzerheide"]
[Date "2010.07.15"]
[Round "8"]
[White "Bigg, Andrew J"]
[Black "Hasenohr, Benedict"]
[Result "1-0"]
[WhiteElo "2312"]
[BlackElo "2179"]
[PlyCount "25"]
[EventDate "2010.07.08"]
[EventType "swiss"]
[EventRounds "9"]
[EventCountry "SUI"]
[SourceTitle "CBM 137 Extra"]
[Source "ChessBase"]
[SourceDate "2010.09.01"]
[SourceVersion "1"]
[SourceVersionDate "2010.09.01"]
[SourceQuality "1"]

1. d4 d5 2. Nf3 Nf6 3. c4 c6 4. Nc3 dxc4 5. a4 Bf5 6. Ne5 Nbd7 7. Nxc4 Nb6 8. Ne5 a5 9. e3 e6 10. g4 Be4 11. f3 Bg6 12. h4 Nfd7 13. Nxd7 1-0

[Event "Olomouc op"]
[Site "Olomouc"]
[Date "2009.08.11"]
[Round "7"]
[White "Neumeier, Lars"]
[Black "Bigg, Andrew J"]
[Result "0-1"]
[WhiteElo "2277"]
[BlackElo "2289"]
[PlyCount "88"]
[EventDate "2009.08.05"]
[EventType "swiss"]
[EventRounds "9"]
[EventCountry "CZE"]
[SourceTitle "CBM 131 Extra"]
[Source "ChessBase"]
[SourceDate "2009.09.03"]
[SourceVersion "2"]
[SourceVersionDate "2009.09.16"]
[SourceQuality "1"]

1. Nf3 d6 2. d4 Nf6 3. c4 g6 4. Nc3 Bg7 5. e4 0-0 6. Be2 e5 7. 0-0 Nc6 8. d5 Ne7 9. b4 Ne8 10. a4 f5 11. Nd2 Nf6 12. c5 Bh6 13. Nc4 Bxc1 14. Rxc1 Nxe4 15. Nxe4 fxe4 16. Ne3 Nf5 17. cxd6 cxd6 18. Bg4 Qg5 19. Nc4 Nd4 20. Bxc8 Raxc8 21. Kh1 Nf5 22. Qe2 Rc7 23. Qxe4 Rfc8 24. f4 Qh5 25. Rc3 Rxc4 26. Rxc4 Ng3+ 27. Kg1 Nxe4 28. Rxc8+ Kg7 29. Rc7+ Kf6 30. Re1 Qf5 31. Rc4 Nd2 32. fxe5+ dxe5 33. Rc5 Qg4 34. Kh1 Qxb4 35. Rb5 Qxa4 36. Rxb7 Qd4 37. Rxh7 a5 38. Rh8 Qxd5 39. h4 Kg7 40. Re8 e4 41. Rc1 Nc4 42. Rc8 Ne5 43. R8c7+ Kh6 44. Re7 Ng4 0-1

[Event "Olomouc op"]
[Site "Olomouc"]
[Date "2009.08.10"]
[Round "6"]
[White "Bigg, Andrew J"]
[Black "Ter Karapetian, Alexi"]
[Result "1/2-1/2"]
[WhiteElo "2289"]
[BlackElo "2191"]
[PlyCount "74"]
[EventDate "2009.08.05"]
[EventType "swiss"]
[EventRounds "9"]
[EventCountry "CZE"]
[SourceTitle "CBM 131 Extra"]
[Source "ChessBase"]
[SourceDate "2009.09.03"]
[SourceVersion "2"]
[SourceVersionDate "2009.09.16"]
[SourceQuality "1"]

1. d4 d5 2. Nf3 Nf6 3. c4 c6 4. Nc3 e6 5. Bg5 Nbd7 6. cxd5 exd5 7. Qc2 Be7 8. e3 0-0 9. Bd3 h6 10. Bxf6 Nxf6 11. h3 Be6 12. g4 Nd7 13. 0-0-0 b5 14. Kb1 Rc8 15. Bh7+ Kh8 16. Bf5 a5 17. h4 a4 18. Ne2 Bd6 19. Rh3 Bxf5 20. Qxf5 Qe7 21. g5 Qe6 22. Qxe6 fxe6 23. Rf1 b4 24. h5 Kh7 25. gxh6 gxh6 26. Nh4 c5 27. Ng6 Rf6 28. f4 a3 29. Rg1 cxd4 30. exd4 axb2 31. Rhg3 Nb6 32. Kxb2 Nc4+ 33. Ka1 Rf7 34. Ne5 Ra7 35. Nc1 Nd2 36. Kb2 Rac7 37. Nb3 Rc2+ 1/2-1/2

[Event "Zuerich op-A 32nd"]
[Site "Zuerich"]
[Date "2008.12.28"]
[Round "4"]
[White "Bigg, Andrew J"]
[Black "Myers, Geoffrey"]
[Result "0-1"]
[WhiteElo "2266"]
[BlackElo "2085"]
[PlyCount "40"]
[EventDate "2008.12.26"]
[EventType "swiss"]
[EventRounds "7"]
[EventCountry "SUI"]
[SourceTitle "CBM 127 Extra"]
[Source "ChessBase"]
[SourceDate "2009.01.08"]
[SourceVersion "2"]
[SourceVersionDate "2009.01.28"]
[SourceQuality "1"]

1. d4 d5 2. Nf3 c6 3. c4 Nf6 4. Nc3 e6 5. Bg5 dxc4 6. e4 b5 7. e5 h6 8. Bh4 g5 9. exf6 gxh4 10. a4 Bb7 11. Ne5 Qxf6 12. Be2 Nd7 13. Nxd7 Kxd7 14. Bf3 a6 15. axb5 axb5 16. Rxa8 Bxa8 17. Qa1 Bb7 18. Qa7 Kc8 19. Nxb5 Qg5 20. Bxc6 Bb4+ 0-1

[Event "Davos op"]
[Site "Davos"]
[Date "2008.08.11"]
[Round "2"]
[White "Bebchuk, Leonid"]
[Black "Bigg, Andrew J"]
[Result "0-1"]
[WhiteElo "2125"]
[BlackElo "2257"]
[PlyCount "100"]
[EventDate "2008.08.10"]
[EventType "swiss"]
[EventRounds "7"]
[EventCountry "SUI"]
[SourceTitle "CBM 126 Extra"]
[Source "ChessBase"]
[SourceDate "2008.11.05"]
[SourceVersion "1"]
[SourceVersionDate "2008.11.05"]
[SourceQuality "1"]

1. e4 c5 2. Nf3 e6 3. d3 Nc6 4. g3 d5 5. Nbd2 Nf6 6. Bg2 Be7 7. 0-0 b5 8. e5 Nd7 9. Re1 Qc7 10. Qe2 b4 11. Nf1 a5 12. h4 Ba6 13. Bf4 c4 14. Qe3 cxd3 15. cxd3 Nc5 16. Red1 Na4 17. Rab1 Rc8 18. Rdc1 Qb6 19. Qd2 Qb5 20. Ne1 Kd7 21. Ne3 Nd4 22. Bf1 b3 23. a3 h6 24. h5 Rxc1 25. Rxc1 Rc8 26. Rxc8 Kxc8 27. Nd1 Kb7 28. Kg2 Bc5 29. Bxh6 gxh6 30. Qxh6 Nf5 31. Qh8 Bd4 32. Nf3 Bxb2 33. g4 Ne7 34. Qd8 Bxa3 35. h6 Ng6 36. Nd4 Be7 37. Qg8 Qb4 38. Qxf7 Qxd4 39. Qxg6 Qxe5 40. Qg7 Qf6 41. f4 Qf8 42. g5 Kc6 43. Qd4 Bc5 44. Qxa4+ Bb5 45. Qxa5 Qxf4 46. Qa8+ Kb6 47. Qd8+ Kb7 48. Qf6 Qg4+ 49. Kh2 Bd6+ 50. Kh1 Qh4+ 0-1

[Event "Gibraltar Masters 6th"]
[Site "Gibraltar"]
[Date "2008.01.30"]
[Round "9"]
[White "Bigg, Andrew J"]
[Black "Zhao, Xue"]
[Result "0-1"]
[WhiteElo "2231"]
[BlackElo "2517"]
[PlyCount "74"]
[EventDate "2008.01.22"]
[EventType "swiss"]
[EventRounds "10"]
[EventCountry "ENG"]
[SourceTitle "CBM 122 Extra"]
[Source "ChessBase"]
[SourceDate "2008.03.04"]
[SourceVersion "1"]
[SourceVersionDate "2008.03.04"]
[SourceQuality "1"]

1. d4 Nf6 2. Bg5 e6 3. e4 h6 4. Bxf6 Qxf6 5. c3 d6 6. Bd3 e5 7. Ne2 Qd8 8. 0-0 Be7 9. f4 0-0 10. Nd2 Bg4 11. Nf3 Nd7 12. Qb3 exd4 13. cxd4 c5 14. Bb5 Nf6 15. e5 dxe5 16. dxe5 Ne4 17. Qc2 c4 18. Qxe4 Qb6+ 19. Kh1 Qxb5 20. f5 Bxf3 21. Rxf3 f6 22. e6 Rfd8 23. Rg3 Rd3 24. Qg4 Rxg3 25. Nxg3 Kh8 26. Nh5 Rg8 27. Nf4 Bd6 28. Ng6+ Kh7 29. Rd1 Rc8 30. Rxd6 c3 31. h3 c2 32. Rd1 cxd1Q+ 33. Qxd1 Qxf5 34. Ne7 Qc2 35. Qd6 Rc7 36. Nd5 Rc6 37. Qd7 Qf5 0-1

[Event "Gibraltar Challengers-B"]
[Site "Gibraltar"]
[Date "2008.01.30"]
[Round "4"]
[White "Dasaolu, Adeoye"]
[Black "Bigg, Andrew J"]
[Result "0-1"]
[WhiteElo "2064"]
[BlackElo "2231"]
[PlyCount "36"]
[EventDate "2008.01.27"]
[EventType "swiss"]
[EventRounds "5"]
[EventCountry "ENG"]
[SourceTitle "CBM 122 Extra"]
[Source "ChessBase"]
[SourceDate "2008.03.04"]
[SourceVersion "1"]
[SourceVersionDate "2008.03.04"]
[SourceQuality "1"]

1. Nf3 e6 2. d4 f5 3. g3 Nf6 4. Bg2 d5 5. c4 c6 6. Qc2 Bd6 7. 0-0 0-0 8. Bf4 Bxf4 9. gxf4 Nbd7 10. e3 Ne4 11. Nc3 Rf6 12. Ne2 Rh6 13. Ng3 Nf8 14. b4 Ng6 15. Nxe4 fxe4 16. Ng5 Rh4 17. Bxe4 dxe4 18. Qxe4 Qxg5+ 0-1

[Event "Gibraltar Masters 6th"]
[Site "Gibraltar"]
[Date "2008.01.29"]
[Round "8"]
[White "Karlsson, Lars"]
[Black "Bigg, Andrew J"]
[Result "1/2-1/2"]
[WhiteElo "2488"]
[BlackElo "2231"]
[PlyCount "197"]
[EventDate "2008.01.22"]
[EventType "swiss"]
[EventRounds "10"]
[EventCountry "ENG"]
[SourceTitle "CBM 122 Extra"]
[Source "ChessBase"]
[SourceDate "2008.03.04"]
[SourceVersion "1"]
[SourceVersionDate "2008.03.04"]
[SourceQuality "1"]

1. c4 e5 2. g3 Nc6 3. Bg2 g6 4. Nc3 Bg7 5. e4 d6 6. d3 Nd4 7. Nge2 Bg4 8. h3 Bf3 9. 0-0 Nxe2+ 10. Nxe2 Bxg2 11. Kxg2 Ne7 12. Qb3 Qc8 13. f4 0-0 14. Be3 b6 15. fxe5 dxe5 16. c5 Qd7 17. Rad1 Rad8 18. Bg5 h6 19. c6 Nxc6 20. Bxd8 Nxd8 21. Qd5 Qe7 22. Rf3 c6 23. Qc4 Kh7 24. b4 b5 25. Qc3 Re8 26. a3 Qd7 27. Rdf1 Re7 28. h4 h5 29. Nc1 Ne6 30. Nb3 Qe8 31. Qc2 Kg8 32. Qf2 Kf8 33. Kh2 Kg8 34. Kg2 Kf8 35. Kh2 Kg8 36. Qc2 Rc7 37. Qa2 Re7 38. R1f2 Rc7 39. Qd2 Re7 40. Qc1 Rc7 41. Rc2 Kh7 42. Qf1 Kg8 43. Rc3 Kh7 44. Rf2 Bh6 45. Qe2 Bg7 46. Qa2 Bh6 47. Rf3 Bf8 48. Rc2 Bg7 49. a4 a6 50. axb5 axb5 51. Qa5 Qb8 52. Qa1 Qf8 53. Qe1 Qa8 54. Rcf2 Kg8 55. Qf1 Qf8 56. Qe1 Qd6 57. Ra2 Bf8 58. Ra5 Kg7 59. Qa1 f6 60. Ra7 Qxb4 61. Rxc7+ Nxc7 62. d4 Bd6 63. Qc3 Qc4 64. Qxc4 bxc4 65. Na5 exd4 66. Nxc4 Be5 67. Rb3 Ne6 68. Rb6 Nd8 69. Kg2 Kf7 70. Ra6 Ke6 71. Kf3 g5 72. hxg5 fxg5 73. Nxe5 Kxe5 74. Ra5+ Kf6 75. Rf5+ Kg6 76. Rc5 Kf6 77. Rf5+ Kg6 78. Rc5 Kf6 79. Ke2 Ne6 80. Rf5+ Kg6 81. Re5 Kf6 82. Rf5+ Kg6 83. Ra5 c5 84. Kf3 Kf6 85. Ra8 Ke5 86. Rh8 g4+ 87. Ke2 Kxe4 88. Re8 Kd5 89. Rh8 c4 90. Rxh5+ Ke4 91. Rh6 Ng5 92. Rg6 d3+ 93. Kd1 Nh3 94. Kd2 Kf3 95. Rc6 Kxg3 96. Rxc4 Nf2 97. Ke3 Kg2 98. Rxg4+ Nxg4+ 99. Kxd3 1/2-1/2

[Event "Gibraltar Masters 6th"]
[Site "Gibraltar"]
[Date "2008.01.28"]
[Round "7"]
[White "Bigg, Andrew J"]
[Black "Bellon Lopez, Juan Manuel"]
[Result "1-0"]
[WhiteElo "2231"]
[BlackElo "2455"]
[PlyCount "99"]
[EventDate "2008.01.22"]
[EventType "swiss"]
[EventRounds "10"]
[EventCountry "ENG"]
[SourceTitle "CBM 122 Extra"]
[Source "ChessBase"]
[SourceDate "2008.03.04"]
[SourceVersion "1"]
[SourceVersionDate "2008.03.04"]
[SourceQuality "1"]

1. d4 Nf6 2. Bg5 Ne4 3. Bf4 e6 4. Nd2 f5 5. Nxe4 fxe4 6. e3 d6 7. f3 exf3 8. Nxf3 Nd7 9. Bd3 Be7 10. c3 Bf6 11. 0-0 Qe7 12. Qc2 g5 13. Bg3 Nb6 14. e4 e5 15. Nxe5 Bxe5 16. dxe5 dxe5 17. a4 h5 18. a5 h4 19. Bxe5 Qxe5 20. axb6 Qc5+ 21. Kh1 Qxb6 22. e5 Be6 23. Bb5+ Qxb5 24. Qg6+ Kd7 25. Rad1+ Kc8 26. Qxe6+ Kb8 27. Qf6 Rc8 28. Qxg5 h3 29. Rf8 hxg2+ 30. Kg1 Qc5+ 31. Rf2 a5 32. Rd4 Re8 33. Re2 Ka7 34. Qe3 Re6 35. Rd5 Qxe3+ 36. Rxe3 Kb6 37. Rd2 a4 38. Kxg2 Ra5 39. Rde2 a3 40. bxa3 Rxa3 41. Kf3 Kc5 42. Kf4 Kc4 43. Kf5 Raa6 44. Rb2 b5 45. Rb4+ Kc5 46. h4 Re8 47. e6 Ra4 48. Rxa4 bxa4 49. e7 a3 50. Ke6 1-0

[Event "Gibraltar Challengers-B"]
[Site "Gibraltar"]
[Date "2008.01.28"]
[Round "2"]
[White "Osuna Vega, Enrique"]
[Black "Bigg, Andrew J"]
[Result "1-0"]
[WhiteElo "2146"]
[BlackElo "2231"]
[PlyCount "98"]
[EventDate "2008.01.27"]
[EventType "swiss"]
[EventRounds "5"]
[EventCountry "ENG"]
[SourceTitle "CBM 122 Extra"]
[Source "ChessBase"]
[SourceDate "2008.03.04"]
[SourceVersion "1"]
[SourceVersionDate "2008.03.04"]
[SourceQuality "1"]

1. e4 e6 2. d4 d5 3. Bd3 dxe4 4. Bxe4 Nf6 5. Bf3 c5 6. Ne2 Nc6 7. c3 Bd7 8. 0-0 Qb6 9. Nd2 cxd4 10. cxd4 Nxd4 11. Nxd4 Qxd4 12. Bxb7 Rb8 13. Bf3 Be7 14. Nb3 Qa4 15. Be3 Bb5 16. Nd4 Qxd1 17. Rfxd1 0-0 18. Nxb5 Rxb5 19. Bxa7 Rxb2 20. a4 Nd5 21. Bd4 Rb4 22. Ra2 Ra8 23. a5 Bf6 24. Bxf6 gxf6 25. a6 Ra7 26. Ra3 Rb6 27. Be2 Kf8 28. g3 Rb4 29. Rc1 Ke7 30. Raa1 f5 31. Rcb1 Kd6 32. Rxb4 Nxb4 33. Ra4 Nd5 34. Bd3 Kc5 35. Ra5+ Kb6 36. Rb5+ Kc6 37. Rb3 Nc7 38. Rb4 Nxa6 39. Bxa6 Rxa6 40. Rh4 Kd6 41. Rxh7 Ke7 42. Kg2 Ra3 43. Rh8 Kf6 44. Rg8 f4 45. g4 e5 46. h4 e4 47. h5 e3 48. h6 e2 49. h7 Ra8 1-0

[Event "Gibraltar Masters 6th"]
[Site "Gibraltar"]
[Date "2008.01.26"]
[Round "5"]
[White "Bigg, Andrew J"]
[Black "Norinkeviciute, Rasa"]
[Result "1/2-1/2"]
[WhiteElo "2231"]
[BlackElo "2064"]
[PlyCount "73"]
[EventDate "2008.01.22"]
[EventType "swiss"]
[EventRounds "10"]
[EventCountry "ENG"]
[SourceTitle "CBM 122 Extra"]
[Source "ChessBase"]
[SourceDate "2008.03.04"]
[SourceVersion "1"]
[SourceVersionDate "2008.03.04"]
[SourceQuality "1"]

1. d4 Nf6 2. Bg5 Ne4 3. Bf4 c5 4. f3 Qa5+ 5. c3 Nf6 6. d5 Qb6 7. b3 e6 8. e4 exd5 9. exd5 d6 10. Na3 a6 11. Nc4 Qc7 12. a4 Nbd7 13. Qe2+ Kd8 14. Qd2 Be7 15. Nh3 b6 16. Ng5 Rf8 17. Ne4 Re8 18. Be2 Nxe4 19. fxe4 Nf6 20. e5 Ne4 21. exd6 Bxd6 22. Bxd6 Nxd6 23. Nxd6 Qxd6 24. 0-0 Ra7 25. Bf3 Rae7 26. c4 Bd7 27. Qc3 f6 28. a5 b5 29. cxb5 Bxb5 30. Rfc1 Re3 31. Qc2 Bd3 32. Qf2 Bb5 33. h3 R8e7 34. Re1 Rxe1+ 35. Rxe1 Rxe1+ 36. Qxe1 Qe5 37. Qb1 1/2-1/2

[Event "Gibraltar Challengers"]
[Site "Gibraltar"]
[Date "2008.01.25"]
[Round "4"]
[White "Bigg, Andrew J"]
[Black "Notkevich, Benjamin Arvola"]
[Result "1-0"]
[WhiteElo "2231"]
[BlackElo "2062"]
[PlyCount "81"]
[EventDate "2008.01.22"]
[EventType "swiss"]
[EventRounds "5"]
[EventCountry "ENG"]
[SourceTitle "CBM 122 Extra"]
[Source "ChessBase"]
[SourceDate "2008.03.04"]
[SourceVersion "1"]
[SourceVersionDate "2008.03.04"]
[SourceQuality "1"]

1. d4 d5 2. Nf3 Nf6 3. c4 c6 4. Nc3 dxc4 5. a4 Bf5 6. Ne5 Nbd7 7. Nxc4 Qc7 8. g3 e5 9. dxe5 Nxe5 10. Bf4 Nfd7 11. Bg2 f6 12. 0-0 Be7 13. a5 a6 14. Qc1 Nc5 15. Ne3 Be6 16. Ra3 0-0-0 17. b4 Ncd7 18. Qb1 g5 19. Bxe5 Nxe5 20. Rc1 Qd6 21. Ncd5 Kb8 22. Nxe7 Qxe7 23. Rac3 Rd4 24. Nc2 Bf5 25. Nxd4 Bxb1 26. Rxb1 Qf7 27. e3 Nc4 28. Rbc1 Nd6 29. Rxc6 Rc8 30. Rxc8+ Nxc8 31. b5 axb5 32. a6 Qa2 33. axb7 Na7 34. Rc8+ Nxc8 35. Nc6+ Kxb7 36. Nb4+ Kb6 37. Nxa2 Ka5 38. Kf1 b4 39. Bd5 Ka4 40. Nc1 Nb6 41. Be6 1-0

[Event "Gibraltar Challengers"]
[Site "Gibraltar"]
[Date "2008.01.23"]
[Round "2"]
[White "Bigg, Andrew J"]
[Black "Suez Panama, Gilles"]
[Result "1-0"]
[WhiteElo "2231"]
[BlackElo "2099"]
[PlyCount "101"]
[EventDate "2008.01.22"]
[EventType "swiss"]
[EventRounds "5"]
[EventCountry "ENG"]
[SourceTitle "CBM 122 Extra"]
[Source "ChessBase"]
[SourceDate "2008.03.04"]
[SourceVersion "1"]
[SourceVersionDate "2008.03.04"]
[SourceQuality "1"]

1. d4 Nf6 2. Bg5 c6 3. Bxf6 exf6 4. c4 d5 5. cxd5 Qxd5 6. Nc3 Bb4 7. e3 Be6 8. Nge2 Nd7 9. a3 Bxc3+ 10. Nxc3 Qb3 11. Qxb3 Bxb3 12. Be2 0-0 13. Bf3 Rfd8 14. 0-0 Nb6 15. Ne4 Na4 16. Rfc1 Bd5 17. Nc5 Nxc5 18. Rxc5 Bxf3 19. gxf3 Kf8 20. b4 a6 21. a4 Ke7 22. Rac1 Rd6 23. f4 Kd7 24. Kg2 g6 25. b5 axb5 26. axb5 Ra7 27. f5 gxf5 28. Rxf5 Ke6 29. Rh5 cxb5 30. Rxb5 b6 31. Rcb1 Ra6 32. Kf3 Kd7 33. Rh5 Ra5 34. Rxh7 Rf5+ 35. Kg3 Rg5+ 36. Kf4 Ke6 37. h4 Rf5+ 38. Kg3 Ra5 39. Rh8 b5 40. Rb8 Rd5 41. Rb6+ Kf5 42. Kf3 Kg6 43. Rg1+ Kh5 44. Rxf6 b4 45. Rxf7 Rf5+ 46. Rxf5+ Rxf5+ 47. Ke4 Rxf2 48. Rb1 Kxh4 49. Rxb4 Kg5 50. Rb8 Rd2 51. Rf8 1-0